| 000 | 00354nam a2200145Ia 4500 | ||
|---|---|---|---|
| 008 | 230917s9999||||xx |||||||||||||| ||und|| | ||
| 040 |
_e108580 _aMAIN |
||
| 041 | _aEnglish | ||
| 082 | _a338.04 I2E | ||
| 100 | _aICFAI | ||
| 245 | 0 | _aEnterpreneurial development: an introduction | |
| 260 |
_aHyderabad _bICFAI _c2004 |
||
| 300 | _a294 p. | ||
| 942 | _cBK | ||
| 999 |
_c122989 _d122989 |
||